000
00194 a2200097 4500
020
_a
9780892392223
041
_a
spa
100
_a
Lucia Gonzalez
245
_a
La velita de los cuentos
942
_c
BK
999
_c
4102
_d
4102